Corrida de toros : (Record no. 49144)
[ view plain ]
| 000 -LEADER | |
|---|---|
| campo de control de longitud fija | 00841nam a2200205 i 4500 |
| 001 - NÚMERO DE CONTROL | |
| campo de control | 49144 |
| 003 - IDENTIFICADOR DE NÚMERO DE CONTROL | |
| campo de control | ES-MaACL |
| 005 - FECHA Y HORA DE LA ÚLTIMA TRANSACCIÓN | |
| campo de control | 20230906161909.0 |
| 007 - CAMPO FIJO DE DESCRIPCIÓN FÍSICA--INFORMACIÓN GENERAL | |
| campo de control de longitud fija | t| |
| 008 - DATOS DE LONGITUD FIJA--INFORMACIÓN GENERAL | |
| campo de control de longitud fija | 030708s1967 sp a |||| | mul d |
| 080 ## - NÚMERO DE LA CLASIFICACIÓN DECIMAL UNIVERSAL | |
| Número de la Clasificación Decimal Universal | 791.862 |
| 245 00 - MENCIÓN DEL TÍTULO | |
| Título | Corrida de toros : |
| Resto del título | desarrollo y film de una corrida de toros, toreo a caballo, cuadro sinóptico de una corrida = Développement et film d'une course, toreo à cheval, tableau synoptique d'une course. |
| 246 3# - FORMA VARIANTE DEL TITULO | |
| Título propio/Titulo breve | Développement et film d'une course, toreo à cheval, tableau synoptique d'une course |
| 260 ## - PUBLICACIÓN, DISTRIBUCIÓN, ETC. | |
| Lugar de publicación, distribución, etc. | Barcelona : |
| Nombre del editor, distribuidor, etc. | [s.n., |
| Fecha de publicación, distribución, etc. | 1967] ( |
| Fabricante | Laminograf) |
| 300 ## - DESCRIPCIÓN FÍSICA | |
| Extensión | 60 p. : |
| Otras características físicas | il. col. y n. ; |
| Dimensiones | 22 cm. |
| 546 ## - NOTA DE IDIOMA | |
| Nota de lengua/lenguaje | Texto en español, francés, inglés y alemán. |
| 594 ## - Nota al título y mención de responsabilidad | |
| Nota al título y mención de responsabilidad | "Plaza de Toros de Palma de Mallorca" |
| 650 #4 - PUNTO DE ACCESO ADICIONAL DE MATERIA--TÉRMINO DE MATERIA | |
| Término de materia o nombre geográfico como elemento de entrada | Corridas de toros. |
| 9 (RLIN) | 11370 |
| 852 4# - LOCALIZACIÓN | |
| Ubicación | ES-MaACL |
| Número de control de estantería | C-31859 |
| Estatus retirado | Estado de pérdida | Estado de daño | No para préstamo | Biblioteca de origen | Biblioteca actual | Ubicación en estantería | Fecha de adquisición | Fuente de adquisición | Total de préstamos | Signatura topográfica completa | Código de barras | Visto por última vez | Precio de reemplazo | Tipo de ítem Koha |
|---|---|---|---|---|---|---|---|---|---|---|---|---|---|---|
| Biblioteca del Ateneo de Madrid | Biblioteca del Ateneo de Madrid | Depósito 2 | 17/01/2008 | C-31859 | 1051717 | 23/02/2023 | 23/02/2023 | Libro impreso |
